| 000 | 00682nam a22002177a 4500 | ||
|---|---|---|---|
| 999 |
_c4994 _d4994 |
||
| 005 | 20251007173148.0 | ||
| 008 | 250502b ||||| |||| 00| 0 eng d | ||
| 020 | _a9781409364535 | ||
| 040 | _cKH8 | ||
| 082 | _a307.76 STE | ||
| 100 |
_aSTEELE,PHILIP _eAUTHOR |
||
| 245 | _aA CITY THROUGH TIME FROM ANCIENT COLONY TO VAST METRO POLIS | ||
| 260 |
_a80 STRAND,LONDON,WC2R 0RL,GREAT BRITAIN _bDK _c2013 |
||
| 300 |
_a48 pages _bcolor illustrations _c28cm x 13cm |
||
| 650 |
_2History _aJuvenile literature |
||
| 650 |
_2Cities _aJuvenile literature |
||
| 650 |
_2Architecture _aJuvenile literature |
||
| 655 | _aPicture books | ||
| 655 | _aJuvenile literature | ||
| 942 |
_2ddc _cNFIC |
||